Stata multivariate statistics reference manual : (Registro nro. 19491)

Detalles MARC
000 -CABECERA
Campo de control 01047cam a22002897a 4500
005 - FECHA Y HORA DE LA ULTIMA TRANSACCION
Campo de control 20170512124327.0
008 - ELEMENTOS DE LONGITUD FIJA—INFORMACION GENERAL
Campo de control 090730s2007 txua b 001 0 eng d
020 ## - ISBN
ISBN 1597180297
020 ## - ISBN
ISBN 9781597180290
040 ## - FUENTE DE CATALOGACIÓN
Agencia catalogadora original WAU
Agencia transcriptora WAU
Agencia Modificadora CUY
-- YDXCP
-- DLC
-- CO-BoIAVH
041 ## - IDIOMA
Código de idioma para texto/pista de sonido o título separado Inglés
044 ## - PAÍS DE PUBLICACIÓN
País de publicación Estados Unidos
082 04 - NUMERO DE CLASIFICACION DECIMAL DEWEY
Número de clasificación 005.55
Número del ítem S79a2
245 00 - MENCION DE TITULO
Título Stata multivariate statistics reference manual :
Parte restante del título release 10.
246 14 - FORMA VARIANTE DEL TITULO
Título propiamente dicho/forma breve del título Stata release 10 :
Parte restante del título multivariate statistics
246 18 - FORMA VARIANTE DEL TITULO
Título propiamente dicho/forma breve del título Stata 10 :
Parte restante del título multivariate statistics
246 30 - FORMA VARIANTE DEL TITULO
Título propiamente dicho/forma breve del título Multivariate statistics reference manual
260 ## - PUBLICACION, DISTRIBUCION, ETC. (PIE DE IMPRENTA)
Lugar de publicación, distribución, etc. College Station, Tex. :
Nombre del editor, distribuidor, etc. StataCorp LP,
Fecha de publicación, distribución, etc. c2007.
300 ## - DESCRIPCION FISICA
Extensión iv, 621 páginas :
Otros detalles físicos ilustraciones ;
Dimensiones 24 x 19 cm.
504 ## - NOTA DE BIBLIOGRAFIA, ETC.
Nota de bibliografía Incluye referencias bibliográficas e índice.
630 #0 - ASIENTO SECUNDARIO DE MATERIA - TITULO UNIFORME
Uniform title Stata (Software)
Form subdivision Guías, manuales, etc.
9 (RLIN) 81484
650 26 - ASIENTO SECUNDARIO DE MATERIA - TERMINO TEMATICO
Término temático o nombre geográfico como elemento de entrada Estadísticas
Subdivisión general Procesamiento de datos
9 (RLIN) 81485
650 24 - ASIENTO SECUNDARIO DE MATERIA - TERMINO TEMATICO
Término temático o nombre geográfico como elemento de entrada Análisis de almacenamiento
9 (RLIN) 81483
650 26 - ASIENTO SECUNDARIO DE MATERIA - TERMINO TEMATICO
Término temático o nombre geográfico como elemento de entrada Análisis multivariante.
9 (RLIN) 81486
710 2# - ASIENTO SECUNDARIO - NOMBRE CORPORATIVO
Nombre corporativo o de jurisdicción como elemento de entrada Stata Corporation
9 (RLIN) 81471
942 ## - ELEMENTOS ADICIONALES (KOHA)
Sistema de clasificación Dewey Decimal Classification
Tipo de ítem Libro
Existencias
Withdrawn status Lost status Sistema de Clasificación Damaged status No para préstamo Colección Ubicación Permanente Ubicación actual Fecha de adquisición Total Checkouts Número topográfico Inventario / Código de Barras Date last seen Ejemplar Price effective from Forma de adquisición Tipo de material
    Dewey Decimal Classification     TIC Villa de Leyva Villa de Leyva 12/05/2017   LB-005.55 S79a2 041235 12/05/2017 Ej. 1 12/05/2017 Donación Libro